| 000 | 00604cam a22002291 4500 | ||
|---|---|---|---|
| 001 | sa 67003130 | ||
| 003 | DLC | ||
| 005 | 20260227112335.0 | ||
| 008 | 890417s1966 ii ac b 000 0 beno | ||
| 010 | _asa 67003130 | ||
| 035 | _a(OCoLC)19561664 | ||
| 040 |
_aDLC _cWaU _dDLC |
||
| 042 | _apremarc | ||
| 050 | 0 | 0 |
_aPQ2635.O5 _bZ82 |
| 100 | 2 | _aSen Gupta, Promode. | |
| 245 | 1 | 0 | _aKālāntarera pathika Ramyām̐ Ralām̐. |
| 260 | _c[1966] | ||
| 300 |
_a255 p. _billus., ports. _c19 cm. |
||
| 500 | _aIn Bengali. | ||
| 504 | _aBibliographical footnotes. | ||
| 600 | 1 | 0 |
_aRolland, Romain, _d1866-1944. |
| 999 |
_c73643 _d73643 |
||